Sistema bancario moderno: manual de derecho bancario

Zapisane w:
Opis bibliograficzny
Główni autorzy: Benélbaz, Héctor Angel (Autor), Coll, Osvaldo Walter (Autor)
Format: Książka
Język:hiszpański
Wydane: Buenos Aires De Palma 1994
Hasła przedmiotowe:
Etykiety: Dodaj etykietę
Nie ma etykietki, Dołącz pierwszą etykiete!

MARC

LEADER 00000nam a2200000 a 4500
001 UCU7384
003 CL-VaPUC
008 960705e19940000AG |||||||||||||||||spa|d
082 0 4 |a 332.1  |b BEN  |2 21 
100 0 |a Benélbaz, Héctor Angel  |e author  |9 366187 
700 0 |a Coll, Osvaldo Walter  |e author  |9 366188 
245 1 0 |a Sistema bancario moderno: manual de derecho bancario 
300 |a v 
942 |c BK 
945 |d 19960705 00:00:00  |a rbrito 
260 |a Buenos Aires  |b De Palma  |c 1994 
600 0 7 |a BANCO CENTRAL DE ARGENTINA  |2 CL-VaPUC  |9 366189 
650 0 |a Derecho bancario  |9 258094 
650 0 |a Derecho comparado  |9 255664 
650 7 |a CONTABILIDAD BANCARIA  |2 CL-VaPUC  |9 366190 
651 0 |a Argentina  |9 254888 
583 |a last modification  |c 19960705 00:00:00  |k Rodrigo Vera 
999 |c 250041  |d 250039 
952 |0 0  |1 0  |4 0  |6 332_100000000000000_BEN_1994  |7 0  |8 A  |9 267730  |a BIBDER  |b BIBDER  |d 2019-11-19  |h v.1  |i 3211002  |o 332.1 BEN 1994  |p 3211002  |r 2023-01-25  |w 2019-11-19  |y BK  |k DER